000 00566nam a2200181Ia 4500
008 240729s9999 xx 000 0 und d
022 _a2197-8670
245 0 _aGeoenvironmental Disasters
260 _aUnited Kingdom
260 _bSpringerOpen
650 _a Disasters and engineering | Geography. Anthropology. Recreation
650 _a Engineering (General). Civil engineering (General)
650 _a Environmental sciences
650 _aTechnology
856 _uhttps://doaj.org/toc/af2fd0eff423404e96204318a4a57ac7
942 _2ddc
942 _cDOAJEJ
999 _c74237
_d74237
945 _a1
_bMadushi Gamage
_c1
_dMadushi Gamage